| 000 | 01802nam a2200349 i 4500 | ||
|---|---|---|---|
| 001 | 197738 | ||
| 003 | ES-ScRBPG | ||
| 005 | 20250901063143.0 | ||
| 007 | ta | ||
| 008 | 250425s2025 sp |||er|||| 000 0dspa d | ||
| 017 |
_aM 3256-2025 _bOficina Depósito Legal Madrid |
||
| 020 | _a9788412841992 | ||
| 040 |
_bglg _aBPO _cES-MaACL |
||
| 080 | _a821.134.2(899)-4 | ||
| 100 | 1 |
_9166869 _aVitale, Ida, _d1923- _eaut |
|
| 245 | 1 | 3 |
_aLa ley de Heisenberg / _cIda Vitale. |
| 250 | _aPrimera edición | ||
| 260 |
_aMadrid : _bAmpersand, _c2025. |
||
| 300 |
_a196 páginas ; _c20 cm. |
||
| 336 |
_atexto _2rdacontent |
||
| 337 |
_asen mediación _2rdamedia |
||
| 338 |
_avolume _2rdacarrier |
||
| 490 | 1 | _aColección Lector&s | |
| 520 | 3 | _aDetrás de todos os libros que leu na súa vida Ida Vitale hai unha nena encandeada pola abundancia de autores que poboaron unha vez a biblioteca familiar. Pero a lectura non está feita tan só de tramas, senón do misterio dun poema repetido sen entender durante anos, que desatou co tempo a paixón da lingua na poesía. Este libro ensina a ler sen prexuízos, a deixarse levar pola imaxinación palpando os libros ata deixalos impresos para sempre na memoria sensorial. Porque La ley de Heisenberg non é só un repaso de lecturas que a autora vén realizando desde hai décadas, senón a revelación dunha poética que liga o principio de incerteza coa literatura e coa vida. | |
| 655 | 0 |
_aEnsayos _9176636 |
|
| 852 |
_aES-MaACL _cDEPOJ _jN-10603 _xEncuadernación rústica con solapas _9206726 _hDonación: Editorial |
||
| 942 |
_n0 _cMONOGRAFIA |
||
| 999 |
_c197738 _d197738 |
||